| 000 -LEADER |
| fixed length control field |
00421cam a22001337a 4500 |
| 008 - FIXED-LENGTH DATA ELEMENTS--GENERAL INFORMATION |
| fixed length control field |
180718b1977 xxu||||| |||| 00| 0 eng d |
| 082 ## - DEWEY DECIMAL CLASSIFICATION NUMBER |
| Classification number |
B301x71 C16 |
| 100 ## - MAIN ENTRY--PERSONAL NAME |
| Personal name |
Canada. Committee on the Concept of the Ombudsman |
| 245 ## - TITLE STATEMENT |
| Title |
Report of the Committee on the Concept of the Ombudsman |
| 260 ## - PUBLICATION, DISTRIBUTION, ETC. |
| Place of publication, distribution, etc. |
Ottawa |
| Name of publisher, distributor, etc. |
Government of Canada |
| Date of publication, distribution, etc. |
1977 |
| 300 ## - PHYSICAL DESCRIPTION |
| Extent |
v.p. |
| 500 ## - GENERAL NOTE |
| General note |
Chairman: J.D. Love |
| 700 ## - ADDED ENTRY--PERSONAL NAME |
| Personal name |
Love, J.D. (Chairman) |